000 00634nam a22001577a 4500
005 20260420092623.0
008 260420b |||||||| |||| 00| 0 eng d
050 _aB2928
_b.E5B3
100 _aBaillie J.B, Lichtheim George
245 _aThe phenomenology of mind
_bTranslated with an introduction and notes
_cBaillie J.B, Lichtheim George
260 _aNew York
_bHarper and Row publishers
_cC1967
300 _axxxv,814p,
500 _aIncludes index
700 _aBaillie J.B, Lichtheim George
_cTranslated with an introduction and notes by Baillie J.B, Introduction to the torchbook edition by Lichtheim George
942 _2lcc
_cBK
_n0
999 _c9247
_d9247